| 000 | 00661nam a2200229 a 4500 | ||
|---|---|---|---|
| 003 | MX-MxUPN | ||
| 005 | 20240910064333.0 | ||
| 008 | 090602s2002 es a r 000 0 spa d | ||
| 020 | _a8497270177 | ||
| 020 | _a8497270096 (obra completa) | ||
| 035 | _aUPN01000170873 | ||
| 040 |
_aMX-MxUPN _bspa _cMX-MxUPN |
||
| 041 | 0 | _aspa | |
| 050 | 1 | 4 |
_aLB1060 E56 _bY87 |
| 100 | 1 |
_aYuste Hernanz, Carlos _929510 |
|
| 245 | 1 | 0 |
_aFaro 6 : _baprendizaje inteligente y creativo en la escuela |
| 260 |
_aMadrid : _bEos, _c2002. |
||
| 300 |
_a88 páginas : _bilustraciones a color |
||
| 490 | 0 | _aTalleres educativos | |
| 650 | 4 |
_aAprendizaje _92861 |
|
| 942 |
_2lcc _cLIBRO |
||
| 999 |
_c142978 _d142978 |
||